<?xml version="1.0" encoding="UTF-8"?>
<record
    xmlns:xsi="http://www.w3.org/2001/XMLSchema-instance"
    xsi:schemaLocation="http://www.loc.gov/MARC21/slim http://www.loc.gov/standards/marcxml/schema/MARC21slim.xsd"
    xmlns="http://www.loc.gov/MARC21/slim">

  <leader>01055nab a22002297a 4500</leader>
  <datafield tag="999" ind1=" " ind2=" ">
    <subfield code="c">6062</subfield>
    <subfield code="d">6062</subfield>
  </datafield>
  <controlfield tag="003">OSt</controlfield>
  <controlfield tag="005">20260121001227.0</controlfield>
  <controlfield tag="008">190514b        xxu||||| |||| 00| 0 spa d</controlfield>
  <datafield tag="040" ind1=" " ind2=" ">
    <subfield code="c">PJ</subfield>
  </datafield>
  <datafield tag="100" ind1=" " ind2=" ">
    <subfield code="9">5888</subfield>
    <subfield code="a">Delgado Solis, Elba &#xC9;rika</subfield>
  </datafield>
  <datafield tag="245" ind1="1" ind2="3">
    <subfield code="a">El derecho a la escucha de NNA en el &#xE1;mbito judicial : </subfield>
    <subfield code="b">&#xBF;se erige como manda constituvencional obligada y en t&#xE9;rminos reales? /</subfield>
    <subfield code="c">Erika Delgado Solis. </subfield>
  </datafield>
  <datafield tag="300" ind1=" " ind2=" ">
    <subfield code="a">p. 10- </subfield>
  </datafield>
  <datafield tag="500" ind1=" " ind2=" ">
    <subfield code="a">Cita: TR LALEY AR/DOC/987/2024.</subfield>
  </datafield>
  <datafield tag="505" ind1=" " ind2=" ">
    <subfield code="a"> Sumario: I. Breve introducci&#xF3;n.&#x2014; II. An&#xE1;lisis del caso.&#x2014; III. Reflexiones finales. </subfield>
  </datafield>
  <datafield tag="505" ind1=" " ind2=" ">
    <subfield code="t">Fallo comentado:  CS ~ 02/11/2023 ~ V., S. A. c. M., I. I. s/ recurso de queja.</subfield>
  </datafield>
  <datafield tag="650" ind1=" " ind2="0">
    <subfield code="9">967</subfield>
    <subfield code="a">DERECHO DE FAMILIA</subfield>
  </datafield>
  <datafield tag="650" ind1=" " ind2="0">
    <subfield code="9">2741</subfield>
    <subfield code="a">DERECHOS DE LAS NI&#xD1;AS, NI&#xD1;OS Y ADOLESCENTES</subfield>
  </datafield>
  <datafield tag="650" ind1=" " ind2="0">
    <subfield code="9">4378</subfield>
    <subfield code="a">DERECHO A SER O&#xCD;DO</subfield>
  </datafield>
  <datafield tag="650" ind1=" " ind2="0">
    <subfield code="9">1057</subfield>
    <subfield code="a">JURISPRUDENCIA APLICABLE</subfield>
  </datafield>
  <datafield tag="773" ind1="0" ind2=" ">
    <subfield code="0">2844</subfield>
    <subfield code="9">3222</subfield>
    <subfield code="d">Buenos Aires : AbeledoPerrot, 1989-</subfield>
    <subfield code="t">Derecho de familia. Revista Interdisciplinaria de doctrina y jurisprudencia. Junio 2024-III.</subfield>
    <subfield code="z">18511201</subfield>
  </datafield>
  <datafield tag="942" ind1=" " ind2=" ">
    <subfield code="2">udc</subfield>
    <subfield code="c">ANA</subfield>
  </datafield>
</record>
